000 00352nam a2200145 a 4500
003 MO
005 20170315093551.0
008 100915s19uu xx 00 eng d
050 _aTR
_bP27 1977
100 _aPaterson, Katherine
245 _aBridge to Terabithia.
260 _aNew York :
_bHarper Teen,
_c1977.
942 _2ddc
_cBK
999 _c110856
_d110856